Musical Instruments - Statistics

General Stats
  • This quiz has been taken 24 times
  • The average score is 18 of 35
Answer Stats
Answer % Correct
Flute
100%
Guitar
95%
Saxophone
95%
Trumpet
95%
Piano
90%
Violin
90%
Clarinet
86%
French Horn
86%
Cello
81%
Drums
81%
Trombone
76%
Harp
71%
Oboe
67%
Triangle
67%
Tuba
67%
Accordion
57%
Organ
52%
Xylophone
52%
Harmonica
48%
Banjo
43%
Marimba
38%
Tambourine
38%
Bagpipes
33%
Lute
33%
Maracas
33%
Cymbals
29%
Bugle
24%
Glockenspiel
24%
Bongos
19%
Gong
19%
Mandolin
14%
Whistle
14%
Bells
10%
Theremin
10%
Conch
5%
No matching quizzes found
Score Distribution
Percent of People with Each Score
Percentile by Number Answered
Your Score History
You have not taken this quiz